<?xml version="1.0" encoding="UTF-8"?>
<record
    xmlns:xsi="http://www.w3.org/2001/XMLSchema-instance"
    xsi:schemaLocation="http://www.loc.gov/MARC21/slim http://www.loc.gov/standards/marcxml/schema/MARC21slim.xsd"
    xmlns="http://www.loc.gov/MARC21/slim">

  <leader>01859nam2a2200337   4500</leader>
  <controlfield tag="001">rc\2863350</controlfield>
  <controlfield tag="005">20260406133228.0</controlfield>
  <datafield tag="035" ind1=" " ind2=" ">
    <subfield code="a">(NLR Aleph) 007212208</subfield>
  </datafield>
  <datafield tag="090" ind1=" " ind2=" ">
    <subfield code="a">7672263</subfield>
    <subfield code="c">7672263</subfield>
  </datafield>
  <datafield tag="100" ind1=" " ind2=" ">
    <subfield code="a">20110711d1932    |||y0rusy50      ca</subfield>
  </datafield>
  <datafield tag="101" ind1="1" ind2=" ">
    <subfield code="a">rus</subfield>
    <subfield code="c">und</subfield>
  </datafield>
  <datafield tag="102" ind1=" " ind2=" ">
    <subfield code="a">RU</subfield>
  </datafield>
  <datafield tag="105" ind1=" " ind2=" ">
    <subfield code="a">y   z   000zd</subfield>
  </datafield>
  <datafield tag="200" ind1="1" ind2=" ">
    <subfield code="a">&#x411;&#x43E;&#x440;&#x44C;&#x431;&#x430; &#x441; &#x431;&#x435;&#x437;&#x443;&#x43C;&#x438;&#x435;&#x43C;</subfield>
    <subfield code="e">&#x413;&#x435;&#x43B;&#x44C;&#x434;&#x435;&#x440;&#x43B;&#x438;&#x43D;, &#x41A;&#x43B;&#x435;&#x439;&#x441;&#x442;, &#x41D;&#x438;&#x446;&#x448;&#x435;</subfield>
    <subfield code="f">&#x43F;&#x435;&#x440;&#x435;&#x432;&#x43E;&#x434; &#x41F;. &#x421;. &#x438; &#x421;. &#x418;. &#x411;&#x435;&#x440;&#x43D;&#x448;&#x442;&#x435;&#x439;&#x43D;</subfield>
    <subfield code="g">&#x43F;&#x440;&#x435;&#x434;&#x438;&#x441;&#x43B;&#x43E;&#x432;&#x438;&#x435; &#x410;. &#x412;. &#x41B;&#x443;&#x43D;&#x430;&#x447;&#x430;&#x440;&#x441;&#x43A;&#x43E;&#x433;&#x43E;</subfield>
  </datafield>
  <datafield tag="210" ind1=" " ind2=" ">
    <subfield code="d">1932</subfield>
  </datafield>
  <datafield tag="215" ind1=" " ind2=" ">
    <subfield code="a">290, [2] &#x441;.</subfield>
  </datafield>
  <datafield tag="225" ind1="1" ind2=" ">
    <subfield code="a">&#x421;&#x442;&#x440;&#x43E;&#x438;&#x442;&#x435;&#x43B;&#x438; &#x43C;&#x438;&#x440;&#x430;</subfield>
  </datafield>
  <datafield tag="461" ind1=" " ind2="0">
    <subfield code="1">001rc\2863338</subfield>
    <subfield code="1">2001#$a&#x421;&#x43E;&#x431;&#x440;&#x430;&#x43D;&#x438;&#x435; &#x441;&#x43E;&#x447;&#x438;&#x43D;&#x435;&#x43D;&#x438;&#x439; &#x421;&#x442;&#x435;&#x444;&#x430;&#x43D;&#x430; &#x426;&#x432;&#x435;&#x439;&#x433;&#x430;$e[&#x43F;&#x435;&#x440;&#x435;&#x432;&#x43E;&#x434;]$f&#x441; &#x43F;&#x440;&#x435;&#x434;&#x438;&#x441;&#x43B;&#x43E;&#x432;&#x438;&#x435;&#x43C; &#x41C;. &#x413;&#x43E;&#x440;&#x44C;&#x43A;&#x43E;&#x433;&#x43E; &#x438; &#x43A;&#x440;&#x438;&#x442;&#x438;&#x43A;&#x43E;-&#x431;&#x438;&#x43E;&#x433;&#x440;&#x430;&#x444;&#x438;&#x447;&#x435;&#x441;&#x43A;&#x438;&#x43C; &#x43E;&#x447;&#x435;&#x440;&#x43A;&#x43E;&#x43C; &#x420;&#x438;&#x445;&#x430;&#x440;&#x434;&#x430; &#x428;&#x43F;&#x435;&#x445;&#x442;&#x430;$g[&#x43E;&#x431;&#x43B;&#x43E;&#x436;&#x43A;&#x430; &#x440;&#x430;&#x431;&#x43E;&#x442;&#x44B; &#x41C;. &#x410;. &#x41A;&#x438;&#x440;&#x43D;&#x430;&#x440;&#x441;&#x43A;&#x43E;&#x433;&#x43E;]$v&#x422;. 10</subfield>
    <subfield code="1">700#1$a&#x426;&#x432;&#x435;&#x439;&#x433;$b&#x421;.$f1881-1942$g&#x421;&#x442;&#x435;&#x444;&#x430;&#x43D;$3RU\NLR\AUTH\7714958</subfield>
  </datafield>
  <datafield tag="702" ind1=" " ind2="1">
    <subfield code="4">280</subfield>
    <subfield code="8">rus</subfield>
    <subfield code="7">ca</subfield>
    <subfield code="a">&#x413;&#x435;&#x43B;&#x44C;&#x434;&#x435;&#x440;&#x43B;&#x438;&#x43D;</subfield>
    <subfield code="b">&#x424;.</subfield>
    <subfield code="f">1770-1843</subfield>
    <subfield code="g">&#x424;&#x440;&#x438;&#x434;&#x440;&#x438;&#x445;</subfield>
    <subfield code="3">RU\NLR\AUTH\7712329</subfield>
    <subfield code="9">122051</subfield>
  </datafield>
  <datafield tag="702" ind1=" " ind2="1">
    <subfield code="4">280</subfield>
    <subfield code="8">rus</subfield>
    <subfield code="7">ca</subfield>
    <subfield code="a">&#x41A;&#x43B;&#x435;&#x439;&#x441;&#x442;</subfield>
    <subfield code="b">&#x413;. &#x444;&#x43E;&#x43D;</subfield>
    <subfield code="f">1777 - 1811</subfield>
    <subfield code="g">&#x413;&#x435;&#x43D;&#x440;&#x438;&#x445; &#x444;&#x43E;&#x43D;</subfield>
    <subfield code="3">RU\NLR\AUTH\7710506</subfield>
    <subfield code="9">120275</subfield>
  </datafield>
  <datafield tag="702" ind1=" " ind2="1">
    <subfield code="4">280</subfield>
    <subfield code="8">rus</subfield>
    <subfield code="7">ca</subfield>
    <subfield code="a">&#x41D;&#x438;&#x446;&#x448;&#x435;</subfield>
    <subfield code="b">&#x424;. &#x412;.</subfield>
    <subfield code="f">1844-1900</subfield>
    <subfield code="g">&#x424;&#x440;&#x438;&#x434;&#x440;&#x438;&#x445; &#x412;&#x438;&#x43B;&#x44C;&#x433;&#x435;&#x43B;&#x44C;&#x43C;</subfield>
    <subfield code="3">RU\NLR\AUTH\772013</subfield>
    <subfield code="9">112030</subfield>
  </datafield>
  <datafield tag="702" ind1=" " ind2="1">
    <subfield code="4">080</subfield>
    <subfield code="8">rus</subfield>
    <subfield code="7">ca</subfield>
    <subfield code="a">&#x41B;&#x443;&#x43D;&#x430;&#x447;&#x430;&#x440;&#x441;&#x43A;&#x438;&#x439;</subfield>
    <subfield code="b">&#x410;.&#x412;.</subfield>
    <subfield code="f">1875-1933</subfield>
    <subfield code="g">&#x410;&#x43D;&#x430;&#x442;&#x43E;&#x43B;&#x438;&#x439; &#x412;&#x430;&#x441;&#x438;&#x43B;&#x44C;&#x435;&#x432;&#x438;&#x447;</subfield>
    <subfield code="3">RU\NLR\AUTH\7717504</subfield>
    <subfield code="9">591</subfield>
  </datafield>
  <datafield tag="702" ind1=" " ind2="1">
    <subfield code="4">730</subfield>
    <subfield code="a">&#x411;&#x435;&#x440;&#x43D;&#x448;&#x442;&#x435;&#x439;&#x43D;</subfield>
    <subfield code="b">&#x421;. &#x418;.</subfield>
    <subfield code="f">1892-1970</subfield>
    <subfield code="g">&#x421;&#x435;&#x440;&#x433;&#x435;&#x439; &#x418;&#x433;&#x43D;&#x430;&#x442;&#x44C;&#x435;&#x432;&#x438;&#x447;</subfield>
    <subfield code="9">143430</subfield>
    <subfield code="3">RU\NLR\AUTH\770143466</subfield>
  </datafield>
  <datafield tag="801" ind1=" " ind2="0">
    <subfield code="a">RU</subfield>
    <subfield code="b">NLR</subfield>
    <subfield code="g">psbo</subfield>
  </datafield>
  <datafield tag="801" ind1=" " ind2="1">
    <subfield code="a">RU</subfield>
    <subfield code="b">ELAR</subfield>
    <subfield code="2">rusmarc</subfield>
  </datafield>
  <datafield tag="852" ind1=" " ind2=" ">
    <subfield code="a">NLR</subfield>
    <subfield code="j">31-15/372(10)</subfield>
  </datafield>
  <datafield tag="852" ind1=" " ind2=" ">
    <subfield code="a">NLR</subfield>
    <subfield code="j">&#x41B;60 &#x412;-3/803(10)</subfield>
  </datafield>
  <datafield tag="852" ind1=" " ind2=" ">
    <subfield code="a">NLR</subfield>
    <subfield code="b">&#x41C;&#x444;</subfield>
    <subfield code="j">&#x41A;1/970(10)</subfield>
  </datafield>
  <datafield tag="942" ind1=" " ind2=" ">
    <subfield code="c">BOOK</subfield>
  </datafield>
  <datafield tag="980" ind1=" " ind2=" ">
    <subfield code="a">NB</subfield>
  </datafield>
  <datafield tag="995" ind1=" " ind2=" ">
    <subfield code="5">2013-10-26</subfield>
    <subfield code="b">NLR02</subfield>
    <subfield code="c">NLR02</subfield>
    <subfield code="e">RFS</subfield>
    <subfield code="f">7212208-10</subfield>
    <subfield code="k">31-15/372(10)</subfield>
    <subfield code="o">0</subfield>
    <subfield code="r">BOOK</subfield>
    <subfield code="s">311537210_</subfield>
  </datafield>
  <datafield tag="995" ind1=" " ind2=" ">
    <subfield code="5">2013-10-26</subfield>
    <subfield code="b">NLR02</subfield>
    <subfield code="c">NLR02</subfield>
    <subfield code="e">RFS</subfield>
    <subfield code="f">7212208-20</subfield>
    <subfield code="k">&#x41B;60 &#x412;-3/803(10)</subfield>
    <subfield code="o">0</subfield>
    <subfield code="r">BOOK</subfield>
    <subfield code="s">60_380310</subfield>
  </datafield>
  <datafield tag="995" ind1=" " ind2=" ">
    <subfield code="5">2013-10-26</subfield>
    <subfield code="b">NLR01</subfield>
    <subfield code="c">NLR01</subfield>
    <subfield code="e">FM</subfield>
    <subfield code="f">7212208-30</subfield>
    <subfield code="k">&#x41C;&#x444; &#x41A;1/970(10)</subfield>
    <subfield code="o">0</subfield>
    <subfield code="r">BOOK</subfield>
    <subfield code="s">_197010</subfield>
  </datafield>
</record>
